LEADER 01327cam2 22003013 450 001 SOB018922 005 20191129162542.0 100 $a20040211d1975 |||||ita|0103 ba 101 $afre 102 $aBL 200 1 $a<<6,1.3: >>De Sophisticis elenchis$etranslatio Boethii, fragmenta translationis Iacobi, et recensio Guillelmi De Moerbeke$fed. B.G. Dod 210 $aLeiden$cE.J.Brill$a[poi]Bruxelles$cDesclée De Brouwer$d1975 215 $aXLII,152 p.$d25 cm 225 2 $aCorpus Philosophorum Medii Aevi$vIV, 1-3 410 1$1001LAEC00018405$12001 $a*Corpus Philosophorum Medii Aevi$vIV, 1-3 461 1$1001SOBE00044627$12001 $aAritoteles latinus / editioni curandae praesidet L. Minio Paluello ; [poi] G. Verbeke 700 0$aAristoteles$3AF00011489$4070$04207 702 1$aDOD, Bernardus G.$3AF00022366$4070 702 1$aMoerbeke, Guillaume : de$3SOBA00010336$4070 801 0$aIT$bUNISOB$c20191129$gRICA 850 $aUNISOB 852 $aUNISOB$jFondo|Crie$m113043 912 $aSOB018922 940 $aM 102 Monografia moderna SBN 941 $aM 957 $aFondo|Crie$b000659$gSI$d113043$hCrie$rACQUISTO$1bethb$2UNISOB$3UNISOB$420140730112043.0$520191129162542.0$6bethb$fModalità di consultazione vedi homepage della Biblioteca link Fondi 996 $aDe sophisticis elenchis$919744 997 $aUNISOB